000 01097nac a22003137a 4500
001 BR8000482
003 BR-BrBNA
005 20240105114619.0
008 230509b bl.|||m| |||| 00| 0 por d
040 _aBR-BrBNA
_bpor
_cBiblioteca Nacional de Agricultura
072 _aP05; F00
090 _a8961 BR8000482
110 1 _aBiblioteca Nacional de Agricultura, Brasilia, DF (Brasil)
_91256
245 1 _aFontes alternativas de energia [Bibliografia; Alcool; Combustivel; Mandioca; Cana de acucar; Madeira; Brasil]
246 1 _a[Alternative energy sources [Bibliography; Alcohol; Fuel; Cassava; Sugarcane; Wood; Brazil]]
260 3 _aBrasilia, DF (Brasil):
_c1979.
300 _a109 p.
490 _aLevantamentos Bibliograficos - Biblioteca Nacional de Agricultura (Brazil)
_vno. 3
_x
650 _aRecurso energetico
650 _aProducao vegetal
650 _aAlcool
650 _aCombustivel
650 _aCana de acucar
650 _aMandioca
650 _aEnergia
650 _aBibliografia
909 _a202312
_bLúcia Elande
_c55
_dLúcia Elande
942 _2AGRIS
_n0
_cMS
999 _c270355
_d270355